01132nam a2200289 a 4500001001300000003000900013005001700022008004100039020001000080082001300090100001900103245006600122260004400188300000900232500003500241505001000276650003300286700001900319902000800338942000700346952009300353952009300446952009300539952010500632952009200737999001300829nice12345678IN_TiNIC20260116011350.0050524s1952 luca grp 000 0 eng  ac10000a201bSUB aSubhan, John A aHow a Sufi Found His Lordb an Autobiography of John a Subhan aLucknowbLucknow Publishing Housec1952 a107p aincludes index and biblioraphy2 aIndex aSubhan, John.A-Autobiography1 aSubhan, John A bSRS cBK 00104070aHMIbHMId2018-04-11g100.00l0o201 SUBp00739r0000-00-00w2026-01-16yBK 00104070aHMIbHMId2018-04-11g100.00l0o201 SUBp01077r0000-00-00w2026-01-16yBK 00104070aHMIbHMId2018-04-11g100.00l0o201 SUBp01449r0000-00-00w2026-01-16yBK 00104070aHMIbHMId2018-04-11g100.00l2o201 SUBp01450r2017-06-30s2017-06-30w2026-01-16yEB 00104070aHMIbHMId2018-04-11g100.00l0o201 SUBp09347r2018-04-11w2026-01-16yBK c888d888